Normal view
MARC view
- Rueda-Enciso, Ramiro
Entry Nombre Personal
001 - NUMERO DE CONTROL
- campo de control: 44853
003 - IDENTIFICADOR DE NUMERO DE CONTROL
- campo de control: UPN
005 - FECHA Y HORA DE LA ÜLTIMA TRANSACCIÓN
- campo de control: 20220613175252.0
008 - DATOS DE LONGITUD FIJA
- campo de control de longitud fija: 220613|| acnnnaabn | a|a d
024 70 - OTROS IDENTIFICADORES NORMALIZADOS
- Fuente: orcid
- Número normalizado o código: 0000-0001-6328-8855
040 ## - FUENTE DE CATALOGACIÓN
- Agencia original de catalogación: MX-MxUPN
100 1# - ENCABEZAMIENTO - NOMBRE PERSONAL
- Nombre personal: Rueda-Enciso, Ramiro
370 ## - LUGAR ASOCIADO
- Associated country: República Dominicana
372 ## - CAMPO DE ACTIVIDAD
- Field of activity: Ciencias Aplicadas
- Field of activity: Docencia
373 ## - GRUPO ASOCIADO
- Associated group: Instituto de Formación Docente Salome Ureña, República Dominicana
374 ## - OCUPACIÓN
- Occupation: Profesor universitario
- Occupation: Matemático
375 ## - GÉNERO
- Gender: masculino
400 1# - VEÁSE - NOMBRE DE PERSONA
- Personal name: Rueda Enciso, Ramiro
400 1# - VEÁSE - NOMBRE DE PERSONA
- Personal name: Enciso, Ramiro Rueda
670 ## - FUENTE EN LA QUE SE LOCALIZARON DATOS
- Cita de la fuente: En recurso en línea Épsilon - Revista de Educación Matemática, No. 106 (2020):
- Información localizada: página 9 (Ramiro Rueda-Enciso)
- Uniform Resource Identifier: https://thales.cica.es/epsilon/sites/thales.cica.es.epsilon/files/epsilon106_1.pdf
902 ## - CATALOGADOR
- Catalogador: RGJD/130622
